Alle Pokémon - Attacken vom Typ "Flug" - Statistiken

Allgemein
  • Dieses Quiz wurde 26 mal gespielt
  • Das Durchschnittsergebnis liegt bei 12 aus 31
Antwortstatistiken
Attacke % Korrekt
Flügelschlag
92%
Fliegen
85%
Aero -Ass
77%
Luftschnitt
69%
Windschnitt
69%
Windstoß
69%
Orkan
62%
Rückenwind
62%
Ruheort
62%
Sturzflug
62%
Pikser
54%
Auflockern
46%
Bohrschnabel
46%
Daunenreigen
46%
Himmelsfeger
38%
Pflücker
38%
Spiegeltrick
38%
Akrobatik
31%
Luftstoss
31%
Doppelflügel
23%
Freier Fall
23%
Geschwätz
23%
Sprungfeder
23%
Dyna -Düse
8%
Finaler Steilflug
8%
Schnabelkanone
8%
Zenitstürmer
8%
Giga -Sturmstoß
0%
Polarorkan
0%
Schwebesturz
0%
Unheilschwingen
0%
Keine übereinstimmenden Quizze gefunden
Verteilung der Resultate
Anzahl Personen mit jedem Resultat
Perzentil nach korrekt beantworteten Fragen
Ihre Resultats-Entwicklung
Sie haben dieses Quiz noch nicht gespielt